Estadísticas para Prueba de Guyana

Haz click aquí para intentar la prueba.

Estadísticas generales

  • Esta prueba ha sido intentada 392 veces
  • La puntuación promedio es 11 de 18

Estadísticas de respuestas

PistaRespuesta% Correcto
Países limítrofesSurinam
98%
Países limítrofesVenezuela
98%
Países limítrofesBrasil
97%
Idioma oficialInglés
97%
CapitalGeorgetown
87%
Primer país europeo en colonizar Guyana, en 1581Países Bajos
86%
MonedaDólar
70%
El metal, que es la exportación más importante de GuyanaOro
70%
Guyana tiene la sexta ______ de población más baja del mundoDensidad
62%
Idioma más habladoCriollo guyanés
51%
El 44% de los guyaneses son descendientes de trabajadores contratados en este país.India
51%
El deporte más popularCricket
41%
Significado de la palabra “Guyana”Tierra de muchas {aguas}
31%
Líder de un culto americano cuyos seguidores se suicidaron en masa bebiendo Flavor-Aid envenenado en 1978Jim Jones
27%
Término para una montaña de mesa que se encuentra en Guyana y su vecino occidental (pista: comienza con T)Tepui
27%
Guyana y sus vecinos están situados en esta parte de la corteza terrestre{Escudo} guayanés
22%
El río más largo de Guyana, cuya fuente más lejana no fue descubierta hasta 2018Río Esequibo
22%
La cascada más grande en volumen por capacidadCataratas Kaieteur
19%

Distribución de puntuación

Porcentaje por número respondido

Porcentaje de gente con cada puntuación

Historial de tus puntuaciones

No has intentado esta prueba.